| 000 | 00761cam a2200229 a 4500 | ||
|---|---|---|---|
| 020 | _a9780821381267 | ||
| 020 | _a0821381261 | ||
| 020 | _a9780821381274 (electronic) | ||
| 020 | _a082138127X (electronic) | ||
| 040 | _cDLC | ||
| 082 | 0 | 0 | _a363 WOR 2010 C153 Or. |
| 245 | 0 | 0 |
_aConvenient solutions to an inconvenient truth : _becosystem-based approaches to climate change. |
| 260 |
_aWashington, DC : _bWorld Bank, _cc2010. |
||
| 300 |
_axii, 114 p. : _bill. ; _c23 cm. |
||
| 490 | 1 | _aEnvironment and development | |
| 650 | 0 | _aClimatic changes. | |
| 650 | 0 | _aConservation of natural resources. | |
| 650 | 0 | _aEcosystem management. | |
| 710 | 2 | _aWorld Bank. | |
| 856 | 4 | 2 | _uhttp://www.loc.gov/catdir/enhancements/fy1210/2009040427-d.html |
| 942 | _cAEDBB | ||
| 999 |
_c18850 _d18850 |
||